Normal view
MARC view
Entry Topical Term
001 - CONTROL NUMBER
- control field: 45224
003 - CONTROL NUMBER IDENTIFIER
- control field: ARRUPE
005 - DATE AND TIME OF LATEST TRANSACTION
- control field: 20190314093404.0
008 - FIXED-LENGTH DATA ELEMENTS
- fixed length control field: 190314|| aca||aabn | a|a d
040 ## - CATALOGING SOURCE
- Original cataloging agency: ARRUPE
- Transcribing agency: ARRUPE
150 ## - HEADING--TOPICAL TERM
- Topical term or geographic name as entry element: Lord's supper
- General subdivision: latin/English
670 ## - SOURCE DATA FOUND
- Source citation: Work cat.: (ARRUPE)0: Catholic Church. Liturgy and ritual. 45223, The order of Mass in Latin and English., 1978.